00884nam a2200217 a 4500001001000000003000500010005001700015008004100032010001100073011001100084040000900095100003100104245016200135260004100297500006000338502010800398650003000506650003600536650002400572856007000596000111202CHAP20220329144202.0150119s2014 mx sm |||||||spa d a107664 a108636 cCHAP1 aSolís García, Angelica10aEvaluación de herbicidas preemergentes en el cultivo de maíz blanco (Zea mays L.) en Pungarabato, Guerrero.h[En línea]cpor Angelica Solís García. aChapingo, Méx. :bEl autor,c2014. aPara ver el contenido del material haga clic en la liga aTesis (Ing. Agr. Esp. en Parasitología Agrícola) -- UACH. Departamento deParasitología Agrícola14aHerbicidasxAplicación.14aMaízxMalas hierbasxControl.14aMaízxVariedades. aFinding aiduhttp://10.13.5.2/tesis/sist111202.pdfzTeclea aquí